000 00347nam a22001457a 4500
999 _c7924
_d7924
003 OSt
005 20200604115120.0
008 200604b ||||| |||| 00| 0 eng d
020 _a9789385621086
082 _a954.003
_bKAM
100 _aKamini
245 _aHistory of Medieval India
260 _aNew Delhi
_bNisha Publications
_c2015
942 _2ddc